<?xml version="1.0" encoding="UTF-8"?>
<collection xmlns="http://www.loc.gov/MARC21/slim">
 <record>
  <leader>00636nam a22001575a 4500</leader>
  <controlfield tag="001">EEA.libagro004891</controlfield>
  <controlfield tag="005">20181019124102.0</controlfield>
  <controlfield tag="008">130809s1986####sp#a##########000#0#spa#d</controlfield>
  <datafield tag="020" ind1=" " ind2=" ">
   <subfield code="a">8474795176</subfield>
  </datafield>
  <datafield tag="082" ind1="0" ind2="4">
   <subfield code="a">631.62</subfield>
  </datafield>
  <datafield tag="100" ind1="1" ind2=" ">
   <subfield code="a">Martínez Beltrán, Julián.</subfield>
  </datafield>
  <datafield tag="245" ind1="1" ind2="0">
   <subfield code="a">Drenaje agrícola /</subfield>
   <subfield code="c">Julián Martínez Beltrán.</subfield>
  </datafield>
  <datafield tag="260" ind1=" " ind2=" ">
   <subfield code="a">Madrid :</subfield>
   <subfield code="b">Secretaría General Técnica, Ministerio de Agricultura, Pesca y Alimentación,</subfield>
   <subfield code="c">1986.</subfield>
  </datafield>
  <datafield tag="300" ind1=" " ind2=" ">
   <subfield code="a">239 p. :</subfield>
   <subfield code="b">il., fot. col. ;</subfield>
   <subfield code="c">24 cm.</subfield>
  </datafield>
  <datafield tag="490" ind1="1" ind2=" ">
   <subfield code="a">Series de Ingeniería Rural y Desarrollo Agrario, Manual Técnico ;</subfield>
   <subfield code="v">nº 5.</subfield>
  </datafield>
  <datafield tag="859" ind1=" " ind2=" ">
   <subfield code="a">AR-BbBCA</subfield>
   <subfield code="b">BIB. AGRONOMIA</subfield>
   <subfield code="h">631.62</subfield>
   <subfield code="i">M385</subfield>
   <subfield code="p">1995/2142</subfield>
   <subfield code="v">Vol. 1</subfield>
   <subfield code="3">Vol. 1</subfield>
  </datafield>
 </record>
</collection>
